Najpopularniejsze miasta na świecie - Statystyki

Ogólne statystyki
  • Ten quiz został rozwiązany 330 razy
  • Średni wynik to 11 z 27
Statystyki odpowiedzi
Odpowiedź % Poprawnych
Paryż
91%
Nowy Jork
85%
Berlin
81%
Londyn
80%
Moskwa
77%
Rzym
73%
Tokio
73%
Barcelona
69%
Los Angeles
65%
Pekin
64%
Stambuł
41%
Dubaj
40%
Kair
40%
Rio De Janeiro
40%
Buenos Aires
36%
Seul
35%
Petersburg
28%
Bangkok
24%
Sao Paulo
22%
Hongkong
21%
Dżakarta
15%
Osaka
13%
Bombaj
9%
Dhaka
4%
Shanghaj
3%
Chongqing
1%
Kolkata
1%
Nie znaleziono quizów pasujących do podanych kryteriów
Rozkład punktacji
Procent ludzi z każdym wynikiem
Percentyl według liczby udzielonych odpowiedzi
Twoja historia wyników
Nie rozwiązałeś tego quizu